<?xml version="1.0" encoding="UTF-8"?>
<record
    xmlns:xsi="http://www.w3.org/2001/XMLSchema-instance"
    xsi:schemaLocation="http://www.loc.gov/MARC21/slim http://www.loc.gov/standards/marcxml/schema/MARC21slim.xsd"
    xmlns="http://www.loc.gov/MARC21/slim">

  <leader>02528    a2200277   4500</leader>
  <controlfield tag="003">NALT</controlfield>
  <controlfield tag="005">20250422152431.0</controlfield>
  <controlfield tag="008">240327b        th ||||| |||| 00| 0 tha d</controlfield>
  <datafield tag="020" ind1=" " ind2=" ">
    <subfield code="a">9786168320068</subfield>
  </datafield>
  <datafield tag="040" ind1=" " ind2=" ">
    <subfield code="a">NALT</subfield>
  </datafield>
  <datafield tag="041" ind1="1" ind2=" ">
    <subfield code="a">tha </subfield>
    <subfield code="h">eng</subfield>
  </datafield>
  <datafield tag="050" ind1=" " ind2=" ">
    <subfield code="a">BJ 1012</subfield>
    <subfield code="b">&#xE0B;239&#xE08; 2566</subfield>
  </datafield>
  <datafield tag="100" ind1="1" ind2=" ">
    <subfield code="a">&#xE0B;&#xE34;&#xE07;&#xE40;&#xE07;&#xE2D;&#xE23;&#xE4C;, &#xE1B;&#xE35;&#xE40;&#xE15;&#xE2D;&#xE23;&#xE4C; </subfield>
    <subfield code="9">63516</subfield>
  </datafield>
  <datafield tag="245" ind1=" " ind2=" ">
    <subfield code="a">&#xE08;&#xE23;&#xE34;&#xE22;&#xE28;&#xE32;&#xE2A;&#xE15;&#xE23;&#xE4C;&#xE20;&#xE32;&#xE04;&#xE1B;&#xE0E;&#xE34;&#xE1A;&#xE31;&#xE15;&#xE34; /</subfield>
    <subfield code="c">&#xE1B;&#xE35;&#xE40;&#xE15;&#xE2D;&#xE23;&#xE4C; &#xE0B;&#xE34;&#xE07;&#xE40;&#xE07;&#xE2D;&#xE23;&#xE4C;, &#xE40;&#xE02;&#xE35;&#xE22;&#xE19; ; &#xE40;&#xE2B;&#xE21;&#xE37;&#xE2D;&#xE19;&#xE21;&#xE32;&#xE14; &#xE21;&#xE38;&#xE01;&#xE02;&#xE4C;&#xE1B;&#xE23;&#xE30;&#xE14;&#xE34;&#xE29;&#xE10;&#xE4C;, &#xE41;&#xE1B;&#xE25;.  </subfield>
  </datafield>
  <datafield tag="250" ind1=" " ind2=" ">
    <subfield code="a">&#xE1E;&#xE34;&#xE21;&#xE1E;&#xE4C;&#xE04;&#xE23;&#xE31;&#xE49;&#xE07;&#xE17;&#xE35;&#xE48; 1.</subfield>
  </datafield>
  <datafield tag="260" ind1=" " ind2=" ">
    <subfield code="a">&#xE01;&#xE23;&#xE38;&#xE07;&#xE40;&#xE17;&#xE1E;&#xE2F; :</subfield>
    <subfield code="b">&#xE21;&#xE39;&#xE25;&#xE19;&#xE34;&#xE18;&#xE34;&#xE40;&#xE1E;&#xE37;&#xE48;&#xE2D;&#xE01;&#xE32;&#xE23;&#xE28;&#xE36;&#xE01;&#xE29;&#xE32;&#xE1B;&#xE23;&#xE30;&#xE0A;&#xE32;&#xE18;&#xE34;&#xE1B;&#xE44;&#xE15;&#xE22;&#xE41;&#xE25;&#xE30;&#xE01;&#xE32;&#xE23;&#xE1E;&#xE31;&#xE12;&#xE19;&#xE32; &#xE42;&#xE04;&#xE23;&#xE07;&#xE01;&#xE32;&#xE23;&#xE08;&#xE31;&#xE14;&#xE1E;&#xE34;&#xE21;&#xE1E;&#xE4C;&#xE04;&#xE1A;&#xE44;&#xE1F;,</subfield>
    <subfield code="c">2566.</subfield>
  </datafield>
  <datafield tag="300" ind1=" " ind2=" ">
    <subfield code="a">566 &#xE2B;&#xE19;&#xE49;&#xE32; ; </subfield>
    <subfield code="c">21 &#xE0B;&#xE21;.</subfield>
  </datafield>
  <datafield tag="505" ind1="0" ind2=" ">
    <subfield code="a">&#xE1A;&#xE17;&#xE17;&#xE35;&#xE48; 1 &#xE40;&#xE01;&#xE35;&#xE48;&#xE22;&#xE27;&#xE01;&#xE31;&#xE1A;&#xE08;&#xE23;&#xE34;&#xE22;&#xE28;&#xE32;&#xE2A;&#xE15;&#xE23;&#xE4C; --
&#xE1A;&#xE17;&#xE17;&#xE35;&#xE48; 2 &#xE04;&#xE27;&#xE32;&#xE21;&#xE40;&#xE17;&#xE48;&#xE32;&#xE40;&#xE17;&#xE35;&#xE22;&#xE21;&#xE01;&#xE31;&#xE19;&#xE41;&#xE25;&#xE30;&#xE19;&#xE31;&#xE22;&#xE17;&#xE35;&#xE48;&#xE2A;&#xE37;&#xE1A;&#xE40;&#xE19;&#xE37;&#xE48;&#xE2D;&#xE07;&#xE08;&#xE32;&#xE01;&#xE04;&#xE27;&#xE32;&#xE21;&#xE40;&#xE17;&#xE48;&#xE32;&#xE40;&#xE17;&#xE35;&#xE22;&#xE21;&#xE01;&#xE31;&#xE19; --
&#xE1A;&#xE17;&#xE17;&#xE35;&#xE48; 3 &#xE04;&#xE27;&#xE32;&#xE21;&#xE40;&#xE17;&#xE48;&#xE32;&#xE40;&#xE17;&#xE35;&#xE22;&#xE21;&#xE01;&#xE31;&#xE19;&#xE2A;&#xE33;&#xE2B;&#xE23;&#xE31;&#xE1A;&#xE2A;&#xE31;&#xE15;&#xE27;&#xE4C;? --
&#xE1A;&#xE17;&#xE17;&#xE35;&#xE48; 4 &#xE01;&#xE32;&#xE23;&#xE06;&#xE48;&#xE32;&#xE1C;&#xE34;&#xE14;&#xE2D;&#xE22;&#xE48;&#xE32;&#xE07;&#xE44;&#xE23; ? --
&#xE1A;&#xE17;&#xE17;&#xE35;&#xE48; 5 &#xE01;&#xE32;&#xE23;&#xE06;&#xE48;&#xE32;-&#xE2A;&#xE31;&#xE15;&#xE27;&#xE4C; --
&#xE1A;&#xE17;&#xE17;&#xE35;&#xE48; 6 &#xE01;&#xE32;&#xE23;&#xE06;&#xE48;&#xE32;-&#xE15;&#xE31;&#xE27;&#xE2D;&#xE48;&#xE2D;&#xE19;&#xE43;&#xE19;&#xE23;&#xE30;&#xE22;&#xE30;&#xE40;&#xE23;&#xE34;&#xE48;&#xE21;&#xE41;&#xE23;&#xE01;&#xE41;&#xE25;&#xE30;&#xE15;&#xE31;&#xE27;&#xE2D;&#xE48;&#xE2D;&#xE19; (embryo and fetus) --
&#xE1A;&#xE17;&#xE17;&#xE35;&#xE48; 7 &#xE01;&#xE32;&#xE23;&#xE06;&#xE48;&#xE32;-&#xE21;&#xE19;&#xE38;&#xE29;&#xE22;&#xE4C; --
&#xE1A;&#xE17;&#xE17;&#xE35;&#xE48; 8 &#xE23;&#xE27;&#xE22;&#xE41;&#xE25;&#xE30;&#xE08;&#xE19; --
&#xE1A;&#xE17;&#xE17;&#xE35;&#xE48; 9 &#xE01;&#xE32;&#xE23;&#xE40;&#xE1B;&#xE25;&#xE35;&#xE48;&#xE22;&#xE19;&#xE41;&#xE1B;&#xE25;&#xE07;&#xE2A;&#xE20;&#xE32;&#xE1E;&#xE20;&#xE39;&#xE21;&#xE34;&#xE2D;&#xE32;&#xE01;&#xE32;&#xE28; (climate change) --
&#xE1A;&#xE17;&#xE17;&#xE35;&#xE48; 10 &#xE2A;&#xE34;&#xE48;&#xE07;&#xE41;&#xE27;&#xE14;&#xE25;&#xE49;&#xE2D;&#xE21; --
&#xE1A;&#xE17;&#xE17;&#xE35;&#xE48; 11 &#xE2D;&#xE32;&#xE23;&#xE22;&#xE30;&#xE02;&#xE31;&#xE14;&#xE02;&#xE37;&#xE19; &#xE04;&#xE27;&#xE32;&#xE21;&#xE23;&#xE38;&#xE19;&#xE41;&#xE23;&#xE07; &#xE41;&#xE25;&#xE30;&#xE01;&#xE32;&#xE23;&#xE01;&#xE48;&#xE2D;&#xE01;&#xE32;&#xE23;&#xE23;&#xE49;&#xE32;&#xE22; --
&#xE1A;&#xE17;&#xE17;&#xE35;&#xE48; 12 &#xE17;&#xE33;&#xE44;&#xE21;&#xE08;&#xE36;&#xE07;&#xE04;&#xE27;&#xE23;&#xE01;&#xE23;&#xE30;&#xE17;&#xE33;&#xE01;&#xE32;&#xE23;&#xE2D;&#xE22;&#xE48;&#xE32;&#xE07;&#xE21;&#xE35;&#xE08;&#xE23;&#xE34;&#xE22;&#xE18;&#xE23;&#xE23;&#xE21;?.
</subfield>
  </datafield>
  <datafield tag="650" ind1=" " ind2="4">
    <subfield code="a">&#xE08;&#xE23;&#xE34;&#xE22;&#xE28;&#xE32;&#xE2A;&#xE15;&#xE23;&#xE4C;</subfield>
    <subfield code="9">18005</subfield>
  </datafield>
  <datafield tag="650" ind1=" " ind2="0">
    <subfield code="a">&#xE08;&#xE23;&#xE34;&#xE22;&#xE28;&#xE32;&#xE2A;&#xE15;&#xE23;&#xE4C;&#xE2A;&#xE31;&#xE07;&#xE04;&#xE21;</subfield>
    <subfield code="9">37766</subfield>
  </datafield>
  <datafield tag="700" ind1="1" ind2=" ">
    <subfield code="a">Singer, Peter</subfield>
    <subfield code="9">63518</subfield>
  </datafield>
  <datafield tag="700" ind1="0" ind2=" ">
    <subfield code="a">&#xE40;&#xE2B;&#xE21;&#xE37;&#xE2D;&#xE19;&#xE21;&#xE32;&#xE14; &#xE21;&#xE38;&#xE01;&#xE02;&#xE4C;&#xE1B;&#xE23;&#xE30;&#xE14;&#xE34;&#xE29;&#xE10;&#xE4C;</subfield>
    <subfield code="9">63517</subfield>
  </datafield>
  <datafield tag="942" ind1=" " ind2=" ">
    <subfield code="c">GB</subfield>
    <subfield code="2">lcc</subfield>
  </datafield>
  <datafield tag="996" ind1=" " ind2=" ">
    <subfield code="a">saiphon.d</subfield>
    <subfield code="b">CATSTF	</subfield>
    <subfield code="c">2024-03-27</subfield>
  </datafield>
  <datafield tag="999" ind1=" " ind2=" ">
    <subfield code="c">104864</subfield>
    <subfield code="d">104864</subfield>
  </datafield>
  <datafield tag="998" ind1=" " ind2=" ">
    <subfield code="j">8</subfield>
    <subfield code="k"> &#xE19;&#xE32;&#xE22;&#xE1A;&#xE31;&#xE13;&#xE11;&#xE34;&#xE15;  &#xE2D;&#xE38;&#xE17;&#xE32;&#xE27;&#xE07;&#xE04;&#xE4C;</subfield>
  </datafield>
  <datafield tag="952" ind1=" " ind2=" ">
    <subfield code="0">0</subfield>
    <subfield code="1">0</subfield>
    <subfield code="2">lcc</subfield>
    <subfield code="4">0</subfield>
    <subfield code="7">0</subfield>
    <subfield code="8">CGBL</subfield>
    <subfield code="a">NALT</subfield>
    <subfield code="b">NALT</subfield>
    <subfield code="c">GEN</subfield>
    <subfield code="d">2024-03-14</subfield>
    <subfield code="e">193</subfield>
    <subfield code="l">1</subfield>
    <subfield code="m">1</subfield>
    <subfield code="o">BJ 1012 &#xE0B;239&#xE08; 2566</subfield>
    <subfield code="p">3961222756</subfield>
    <subfield code="r">2025-05-02 00:00:00</subfield>
    <subfield code="s">2025-04-22</subfield>
    <subfield code="w">2024-03-14</subfield>
    <subfield code="y">GB</subfield>
  </datafield>
</record>
